00608nam a2200121 a 450000100100000000500170001000800410002704000250006808200140009324503150010726000430042230000210046500003020820200930060132.0110504s1999 dr r 000 0 spa d aDO-SdBNPbspacBNPHU axxxxbE9600aExhortación apostólica postsinodal ECCLESIA IN AMERICA del Santo Padre Juan Pablo II a los obispos, a los prebísteros y diáconos, a los consagrados y consagradas y a todos los fieles laicos sobre el encuentro con Jesucristo vivo, camino para la convesión, la comunión y la solidaridad en América. aSanto Domingo :bEdiciones MSC,c1999. a143 p. ;c22 cm.